00363nam a2200109Ia 4500008004100000082002300041100001900064245003200083260005800115630001800173650006200191211122s9999||||xx |||||||||||||| ||und|| a894.812 07 bPAD-V aPadmanabhan, V 0aViswamahagrandhangal Part I bSTATE INSTITUTE OF LANGUAGEaThiruvananthapuramc1976 xGeneral Stack aMalayalam LiteraturevMalayalam Study LiteratureMalayalam